000 00326 a2200157 4500
001 163900
020 _a
040 _cMagnum
100 _aMazzetti, Maria
240 1 0 _aTelefone está tocando
_lpor
245 1 0 _aTelefone está tocando
300 _a12
362 0 _a1994
697 _aLITERATURA INFANTO
942 _cBK
999 _c163900
_d163900